[Event "Paris-ch op-A"]
[Site "Paris"]
[Date "2010.07.11"]
[Round "9"]
[White "Gauthier, Arnaud"]
[Black "Landois, Nicolas"]
[Result "0-1"]
[WhiteElo "2003"]
[BlackElo "1857"]
[PlyCount "74"]
[EventDate "2010.07.03"]
[EventType "swiss"]
[EventRounds "9"]
[EventCountry "FRA"]
[SourceTitle "CBM 137 Extra"]
[Source "ChessBase"]
[SourceDate "2010.09.01"]
[SourceVersion "1"]
[SourceVersionDate "2010.09.01"]
[SourceQuality "1"]

1. e4 c5 2. Nf3 d6 3. d4 cxd4 4. Nxd4 Nf6 5. Nc3 a6 6. Bc4 e6 7. Bb3 Be7 8. Be3 b5 9. a3 Qc7 10. 0-0 Nc6 11. f4 0-0 12. f5 Nxd4 13. Bxd4 e5 14. Be3 Bb7 15. Nd5 Nxd5 16. exd5 Qd8 17. Qg4 Bf6 18. Bh6 Kh8 19. Be3 Rg8 20. Rf3 Bc8 21. c3 g6 22. Bc2 gxf5 23. Qh5 e4 24. Rh3 Rg7 25. Bh6 Rg6 26. Bf4 Qg8 27. Qe2 Be5 28. Rf1 f6 29. Qd2 Bd7 30. Bd1 Bxf4 31. Rxf4 Rg7 32. Rh6 e3 33. Qe2 Qxd5 34. Rd4 Qe5 35. Qd3 Bc6 36. g4 Rag8 37. h3 Qg3+ 0-1

[Event "Paris-ch op-A"]
[Site "Paris"]
[Date "2010.07.03"]
[Round "1"]
[White "Gauthier, Arnaud"]
[Black "Schreiner, Richard"]
[Result "1-0"]
[WhiteElo "2003"]
[BlackElo "1822"]
[PlyCount "81"]
[EventDate "2010.07.03"]
[EventType "swiss"]
[EventRounds "9"]
[EventCountry "FRA"]
[SourceTitle "CBM 137 Extra"]
[Source "ChessBase"]
[SourceDate "2010.09.01"]
[SourceVersion "1"]
[SourceVersionDate "2010.09.01"]
[SourceQuality "1"]

1. e4 d5 2. exd5 Qxd5 3. Nc3 Qa5 4. d4 Bf5 5. Nf3 Nf6 6. Ne5 e6 7. Nc4 Qb4 8. a3 Qe7 9. Bf4 Nd5 10. Bd2 Nxc3 11. Bxc3 Qd8 12. Bd3 Bxd3 13. Qxd3 c6 14. Qg3 Nd7 15. 0-0-0 Nf6 16. f4 Ne4 17. Qf3 Nxc3 18. Qxc3 Qc7 19. Qf3 0-0-0 20. Kb1 Bd6 21. g3 Kb8 22. Rd3 Rhe8 23. Rb3 Rd7 24. Qc3 Rc8 25. Rd1 f6 26. Qe3 Re7 27. Qe4 h6 28. Re3 Rce8 29. Qd3 Rd8 30. Qe2 Rde8 31. Re1 b5 32. Nd2 e5 33. fxe5 fxe5 34. d5 a6 35. dxc6 Qxc6 36. Ne4 Bc7 37. Rc3 Qg6 38. Rd1 Re6 39. Nc5 Rd6 40. Rxd6 Qxd6 41. Qe4 1-0

[Event "Evry op"]
[Site "Evry"]
[Date "2007.10.31"]
[Round "1"]
[White "Arnaudov, Petar"]
[Black "Gauthier, Arnaud"]
[Result "1-0"]
[WhiteElo "2184"]
[BlackElo "1820"]
[PlyCount "51"]
[EventDate "2007.10.31"]
[EventType "swiss"]
[EventRounds "9"]
[EventCountry "FRA"]
[SourceTitle "EXT 2009"]
[Source "ChessBase"]
[SourceDate "2008.11.26"]
[SourceVersion "1"]
[SourceVersionDate "2008.11.26"]
[SourceQuality "1"]

1. Nf3 d5 2. d4 c6 3. c4 Nf6 4. Nc3 dxc4 5. a4 Bf5 6. Ne5 e6 7. g3 Bb4 8. Bg2 Nbd7 9. Nxc4 Qe7 10. 0-0 Bg6 11. a5 Rc8 12. Qb3 0-0 13. Na2 Bd6 14. Qxb7 Rc7 15. Qb3 c5 16. Nxd6 Qxd6 17. Bf4 e5 18. dxe5 Nxe5 19. Rad1 Qe7 20. Qc3 Nfd7 21. Rxd7 Rxd7 22. Bxe5 f6 23. Bf4 Qxe2 24. Qxc5 Qxb2 25. Nc3 Bf7 26. Rb1 1-0

[Event "Paris-ch op-B"]
[Site "Paris"]
[Date "2002.07.10"]
[Round "5.35"]
[White "Gauthier, Arnaud"]
[Black "Rousselet, Christophe"]
[Result "0-1"]
[WhiteElo "1850"]
[BlackElo "1990"]
[PlyCount "50"]
[EventDate "2002.07.06"]
[EventType "swiss"]
[EventRounds "7"]
[EventCountry "FRA"]
[SourceTitle "EXT 2003"]
[Source "ChessBase"]
[SourceDate "2002.11.25"]
[SourceVersion "1"]
[SourceVersionDate "2002.11.25"]
[SourceQuality "1"]

1. e4 c5 2. Nf3 Nc6 3. d4 cxd4 4. Nxd4 Nf6 5. Nc3 e5 6. Ndb5 d6 7. Bg5 a6 8. Na3 b5 9. Bxf6 gxf6 10. Nd5 Bg7 11. Bd3 Ne7 12. Nxe7 Qxe7 13. c4 f5 14. cxb5 0-0 15. bxa6 d5 16. 0-0 fxe4 17. Bb5 Rd8 18. Qa4 Bh6 19. Nc2 Rd6 20. Nb4 Bf4 21. g3 Bg4 22. Bc6 Bf3 23. Bxa8 Qh4 24. Qe8+ Kg7 25. Bxd5 Qxh2+ 0-1

[Event "FRA AJEC/5125 corr"]
[Site "France"]
[Date "2001.??.??"]
[Round "?"]
[White "Gauthier, Arnaud"]
[Black "Galliou, Benoit"]
[Result "0-1"]
[WhiteElo "1689"]
[BlackElo "1784"]
[PlyCount "65"]
[EventDate "2001.??.??"]
[EventType "tourn (corr)"]
[EventRounds "8"]
[EventCountry "FRA"]
[SourceTitle "Corr 2004"]
[Source "ChessBase"]
[SourceDate "2003.04.28"]
[SourceVersion "3"]
[SourceVersionDate "2003.04.28"]
[SourceQuality "1"]

1. c4 e5 2. Nc3 Nf6 3. g3 d5 4. cxd5 Nxd5 5. Bg2 Nxc3 6. bxc3 Bc5 7. e3 c6 8. d4 exd4 9. cxd4 Qa5+ 10. Bd2 Bb4 11. Bxb4 Qxb4+ 12. Qd2 Qxd2+ 13. Kxd2 0-0 14. Nf3 Be6 15. Ne5 Rd8 16. Rhc1 Nd7 17. Nd3 Nb6 18. Nc5 Rab8 19. Nxe6 fxe6 20. Ke2 Nd5 21. Rab1 a5 22. Rc5 Rd6 23. Bxd5 Rxd5 24. Rxc6 e5 25. dxe5 Rxe5 26. Rc7 b5 27. Rd1 Rg5 28. Rdd7 h5 29. f4 Rg4 30. Kf3 Rf8 31. e4 Kh8 32. Rc5 Rb8 33. Rxh5+ 0-1

[Event "FRA AJEC/5125 corr"]
[Site "France"]
[Date "2001.??.??"]
[Round "?"]
[White "Gauthier, Arnaud"]
[Black "Godinot, Bernard"]
[Result "0-1"]
[WhiteElo "1689"]
[BlackElo "1782"]
[PlyCount "91"]
[EventDate "2001.??.??"]
[EventType "tourn (corr)"]
[EventRounds "8"]
[EventCountry "FRA"]
[SourceTitle "Corr 2004"]
[Source "ChessBase"]
[SourceDate "2003.04.28"]
[SourceVersion "3"]
[SourceVersionDate "2003.04.28"]
[SourceQuality "1"]

1. d4 Nf6 2. c4 c5 3. d5 b5 4. cxb5 a6 5. f3 g6 6. e4 d6 7. a4 Bg7 8. Na3 0-0 9. Ne2 e6 10. Nc3 exd5 11. Nxd5 Be6 12. Nf4 Qe7 13. Nxe6 Qxe6 14. Be2 axb5 15. Nxb5 Ne8 16. 0-0 Nc6 17. Re1 Nd4 18. Be3 Qe5 19. Bc4 Kh8 20. Qd2 Nxb5 21. Bxb5 Qxb2 22. Qxb2 Bxb2 23. Ra2 Be5 24. Rd1 Rd8 25. Bxc5 Nc7 26. Bb6 Nxb5 27. Bxd8 Nc3 28. Be7 Rc8 29. Rdd2 Nxa2 30. Rxa2 Rc7 31. Bg5 Kg8 32. a5 Bd4+ 33. Kf1 Kf8 34. a6 Ke8 35. Ke2 Kd7 36. Kd3 Bb6 37. Be3 Bxe3 38. Kxe3 Ra7 39. Kd4 Ke6 40. f4 h5 41. g3 f5 42. exf5+ Kxf5 43. Kd5 Kg4 44. Kxd6 h4 45. Ra3 g5 46. Ke5 0-1